[Event "Sautron op 18th"]
[Site "Sautron "]
[Date "2018.10.20"]
[Round "1.15"]
[White "Bujisho, Benjamin"]
[Black "Delabbey, Olivier"]
[Result "1-0"]
[WhiteElo "2333"]
[BlackElo "1507"]
[PlyCount "49"]
[EventDate "2018.10.20"]
[EventType "swiss"]
[EventRounds "9"]
[EventCountry "FRA"]
[SourceTitle "EXT 2021"]
[Source "ChessBase"]
[SourceDate "2020.10.23"]
[SourceVersion "1"]
[SourceVersionDate "2020.10.23"]
[SourceQuality "1"]

1. d4 d5 2. c4 dxc4 3. Nf3 Nf6 4. e3 e6 5. Bxc4 c5 6. 0-0 Nbd7 7. Qe2 a6 8. e4 b5 9. Bd3 cxd4 10. e5 Nd5 11. Rd1 Bb7 12. a4 bxa4 13. Rxa4 Nc5 14. Rxd4 Qb6 15. Nbd2 Nxd3 16. Qxd3 Bc5 17. Nc4 Qc7 18. Rg4 f5 19. exf6 gxf6 20. Nd4 Bxd4 21. Rxd4 Rg8 22. Qe4 Kf7 23. g3 Rg6 24. Bf4 Qd7 25. Nd6+ 1-0